|
|
|
|
| LEADER |
00000cam a2200000 7i4500 |
| 001 |
0000000852 |
| 005 |
20001016.0 |
| 090 |
0 |
0 |
|a R582.16095985
|b TRE 1989
|
| 245 |
1 |
0 |
|a TREE flora of Indonesia :
|b Check list for Maluku
|c compiled by K. Sidiyana ... [et al.]; edited by T. C. Whitmore, I. G. M. Tantra and U. Sutisna
|
| 260 |
0 |
0 |
|a Bogor, Indonesia :
|b Forest Research & Development ,
|c 1989
|
| 300 |
|
|
|a ix, 186 p. :
|b ill. ;
|c 22 cm.
|
| 650 |
0 |
0 |
|a Botany
|z Indonesia
|
| 650 |
0 |
0 |
|a Plants
|
| 700 |
0 |
1 |
|a Sidiyana
|h K.
|
| 700 |
0 |
1 |
|a Sutisna
|h U.
|
| 700 |
0 |
1 |
|a Tantra
|h I. G. M.
|
| 700 |
0 |
1 |
|a WHITMORE
|h T. C. [
|q (Timothy Charles)]
|
| 999 |
|
|
|a 0000001950
|b Monograph
|c Reference
|e Default branch
|